[Event "Zhukovsky Winter op"]
[Site "Zhukovsky"]
[Date "2014.??.??"]
[Round "2"]
[White "Kots, Dmitry"]
[Black "Zhukovsky, Viacheslav"]
[Result "0-1"]
[WhiteElo "1797"]
[BlackElo "2094"]
[PlyCount "102"]
[EventDate "2014.11.22"]
[EventType "swiss"]
[EventRounds "9"]
[EventCountry "RUS"]
[SourceTitle "EXT 2016"]
[Source "ChessBase"]
[SourceDate "2015.10.08"]
[SourceVersion "1"]
[SourceVersionDate "2015.10.08"]
[SourceQuality "1"]

1. e4 e6 2. Nf3 d5 3. e5 c5 4. d4 cxd4 5. Bb5+ Bd7 6. Nxd4 Qc7 7. Bf4 a6 8. Bxd7+ Nxd7 9. 0-0 Ne7 10. Re1 Ng6 11. Bg3 h5 12. h3 h4 13. Bh2 Bc5 14. Nc3 Bxd4 15. Qxd4 Qc5 16. Qg4 Rc8 17. Rad1 Qb6 18. Na4 Qb5 19. b3 Rxc2 20. Rc1 Qc6 21. Qg5 0-0 22. Rxc2 Qxc2 23. Rc1 Qxa2 24. Qe3 b5 25. Nc5 Nxc5 26. Rxc5 Qb2 27. f4 Ne7 28. g4 hxg3 29. Qxg3 Nf5 30. Qd3 Rd8 31. Kh1 Qd4 32. Qxd4 Nxd4 33. b4 Nf5 34. Bg1 d4 35. Rc2 Kh7 36. Bf2 Kg6 37. Kg1 d3 38. Rd2 Nd4 39. Kg2 Nb3 40. Rd1 Kf5 41. Kf3 Nd4+ 42. Ke3 Nc2+ 43. Kf3 Nxb4 44. Bc5 a5 45. h4 Rc8 46. Be7 Rc4 47. Bg5 a4 48. h5 Nd5 49. h6 gxh6 50. Bxh6 Nxf4 51. Rg1 Kxe5 0-1

[Event "Zhukovsky Winter op"]
[Site "Zhukovsky"]
[Date "2014.??.??"]
[Round "7"]
[White "Zhukovsky, Viacheslav"]
[Black "Kuznetsov, Yuriy"]
[Result "1-0"]
[WhiteElo "2094"]
[BlackElo "1806"]
[PlyCount "29"]
[EventDate "2014.11.22"]
[EventType "swiss"]
[EventRounds "9"]
[EventCountry "RUS"]
[SourceTitle "EXT 2016"]
[Source "ChessBase"]
[SourceDate "2015.10.08"]
[SourceVersion "1"]
[SourceVersionDate "2015.10.08"]
[SourceQuality "1"]

1. Nf3 Nf6 2. c4 Nc6 3. d4 d5 4. e3 Bg4 5. Nc3 e6 6. Qb3 Bxf3 7. gxf3 Na5 8. Qa4+ c6 9. b3 a6 10. c5 b6 11. cxb6 Qxb6 12. Bd2 Nb7 13. Rc1 Be7 14. Nxd5 Nxd5 15. Rxc6 1-0

[Event "Zhukovsky op"]
[Site "Zhukovsky"]
[Date "2014.??.??"]
[Round "7"]
[White "Zhukovsky, Viacheslav"]
[Black "Mozgalov, Viktor"]
[Result "1-0"]
[WhiteElo "2094"]
[BlackElo "1933"]
[PlyCount "101"]
[EventDate "2014.08.08"]
[EventType "swiss"]
[EventRounds "9"]
[EventCountry "RUS"]
[SourceTitle "CBM 162 Extra"]
[Source "ChessBase"]
[SourceDate "2014.10.17"]
[SourceVersion "1"]
[SourceVersionDate "2014.10.17"]
[SourceQuality "1"]

1. c4 Nf6 2. g3 c6 3. Bg2 d5 4. cxd5 cxd5 5. d4 Nc6 6. Nf3 Bf5 7. 0-0 e6 8. Nc3 Be7 9. Nh4 Bg6 10. e3 0-0 11. Nxg6 hxg6 12. Bd2 Qd7 13. a3 Rfc8 14. Qe2 Qe8 15. Rfc1 Nd7 16. Na4 a6 17. b4 b5 18. Nc5 Nb6 19. Bc3 Nc4 20. e4 dxe4 21. Bxe4 Bf6 22. Rd1 Ra7 23. Qf3 Ne7 24. a4 Nd6 25. axb5 Nxb5 26. Bb2 Nf5 27. Bxf5 gxf5 28. Nxa6 Rc2 29. Qb3 Rxb2 30. Qxb2 Qd8 31. Qb3 Qb6 32. Nc5 Nxd4 33. Qd3 Rxa1 34. Rxa1 Ne2+ 35. Qxe2 Bxa1 36. Qc4 e5 37. Nd3 g6 38. Qc5 Qe6 39. b5 Bd4 40. Qc6 Qb3 41. Qe8+ Kg7 42. Nxe5 Qd5 43. Nd7 Qb3 44. Qe2 f4 45. gxf4 Qb1+ 46. Kg2 Qf5 47. Ne5 Qxf4 48. Nf3 Bb6 49. h3 Qb4 50. Qe5+ Kh6 51. Qh8# 1-0

[Event "Zhukovsky Winter op"]
[Site "Zhukovsky"]
[Date "2014.??.??"]
[Round "9"]
[White "Zhukovsky, Viacheslav"]
[Black "Nekrasov, Evgeniy"]
[Result "1-0"]
[WhiteElo "2094"]
[BlackElo "1832"]
[PlyCount "85"]
[EventDate "2014.11.22"]
[EventType "swiss"]
[EventRounds "9"]
[EventCountry "RUS"]
[SourceTitle "EXT 2016"]
[Source "ChessBase"]
[SourceDate "2015.10.08"]
[SourceVersion "1"]
[SourceVersionDate "2015.10.08"]
[SourceQuality "1"]

1. c4 e6 2. Nf3 Nf6 3. g3 d5 4. d4 Be7 5. Bg2 c6 6. 0-0 0-0 7. Nc3 Nbd7 8. b3 Nb6 9. Qd3 Re8 10. Bb2 Qc7 11. Rac1 Bd7 12. Ne5 Rad8 13. f4 Bc8 14. e3 Bf8 15. c5 Nbd7 16. b4 g6 17. b5 Bh6 18. h3 Bg7 19. g4 Rf8 20. g5 Nh5 21. Ne2 Bh8 22. Bf3 Ng7 23. Bc3 Nf5 24. a4 f6 25. gxf6 Nxf6 26. Qd2 Qg7 27. bxc6 Qh6 28. Kh2 bxc6 29. Nxc6 e5 30. dxe5 d4 31. Qa2+ Kg7 32. exf6+ Rxf6 33. exd4 Ne3 34. Nxd8 Bxh3 35. Kg1 Bxf1 36. Rxf1 Qh3 37. Qb1 g5 38. d5 Kg8 39. Bxf6 g4 40. Qe1 Bxf6 41. Qf2 g3 42. Qxg3+ Qxg3+ 43. Nxg3 1-0

[Event "Zhukovsky op"]
[Site "Zhukovsky"]
[Date "2011.02.17"]
[Round "1"]
[White "Zhukovsky, Viacheslav"]
[Black "Shvetzov, Mikhail"]
[Result "1-0"]
[WhiteElo "2157"]
[BlackElo "1788"]
[PlyCount "61"]
[EventDate "2011.02.17"]
[EventType "swiss"]
[EventRounds "9"]
[EventCountry "RUS"]
[SourceTitle "CBM 141 Extra"]
[Source "ChessBase"]
[SourceDate "2011.05.03"]
[SourceVersion "1"]
[SourceVersionDate "2011.05.03"]
[SourceQuality "1"]

1. c4 Nf6 2. Nf3 g6 3. g3 Bg7 4. Bg2 0-0 5. 0-0 d6 6. Nc3 Nc6 7. h3 e5 8. d4 exd4 9. Nxd4 Ne5 10. b3 c6 11. e4 Re8 12. Be3 a5 13. Qc2 Qc7 14. Rad1 Ned7 15. Kh2 Nc5 16. Rfe1 Bd7 17. f4 Rad8 18. Bf2 Bc8 19. a3 h5 20. b4 Ne6 21. Nf3 axb4 22. axb4 h4 23. Nxh4 g5 24. fxg5 Nxg5 25. Nf5 Bxf5 26. exf5 d5 27. cxd5 cxd5 28. Qc1 d4 29. Rxe8+ Nxe8 30. Qxg5 dxc3 31. Qxd8 1-0

[Event "Zhukovsky-A 02"]
[Site "Zhukovsky"]
[Date "2011.02.09"]
[Round "2"]
[White "Zhukovsky, Viacheslav"]
[Black "Mozgalov, Viktor"]
[Result "1-0"]
[WhiteElo "2157"]
[BlackElo "1959"]
[PlyCount "85"]
[EventDate "2011.02.09"]
[EventType "swiss"]
[EventRounds "9"]
[EventCountry "RUS"]
[SourceTitle "EXT 2022"]
[Source "ChessBase"]
[SourceDate "2021.10.06"]
[SourceVersion "1"]
[SourceVersionDate "2021.10.06"]
[SourceQuality "1"]

1. c4 c5 2. Nc3 e6 3. Nf3 Nf6 4. g3 b6 5. Bg2 Bb7 6. 0-0 d6 7. d4 cxd4 8. Qxd4 Be7 9. e4 0-0 10. b3 Nbd7 11. Bb2 a6 12. h3 Qc7 13. Rfd1 Rfe8 14. Rac1 Rac8 15. Kh2 Qb8 16. Ne1 Bf8 17. Nc2 Qa8 18. f3 Bc6 19. Ne3 b5 20. cxb5 axb5 21. b4 Qb7 22. a3 Nb6 23. Bf1 Nbd7 24. Bg2 Ne5 25. f4 Ng6 26. Qd3 h5 27. Rf1 h4 28. g4 e5 29. f5 Nf4 30. Rxf4 exf4 31. Ned5 Bxd5 32. exd5 Re3 33. Qf1 f3 34. Bxf3 Nd7 35. Bg2 Ne5 36. Nxb5 Rxc1 37. Bxc1 Rb3 38. Nd4 Rb1 39. Nc6 g6 40. Nxe5 dxe5 41. fxg6 Bh6 42. Qxf7+ Qxf7 43. gxf7+ 1-0

[Event "Zhukovsky op 05"]
[Site "Zhukovsky"]
[Date "2011.??.??"]
[Round "2"]
[White "Zhukovsky, Viacheslav"]
[Black "Dobrovsky, Kirill"]
[Result "1-0"]
[WhiteElo "2157"]
[BlackElo "1734"]
[PlyCount "43"]
[EventDate "2011.05.15"]
[EventType "swiss"]
[EventRounds "9"]
[EventCountry "RUS"]
[SourceTitle "EXT 2012"]
[Source "ChessBase"]
[SourceDate "2011.11.24"]
[SourceVersion "1"]
[SourceVersionDate "2011.11.24"]
[SourceQuality "1"]

1. c4 Nf6 2. Nc3 g6 3. g3 Bg7 4. Bg2 c5 5. Nf3 0-0 6. d4 cxd4 7. Nxd4 Nc6 8. Nc2 d6 9. 0-0 Rb8 10. b3 Bf5 11. e4 Nxe4 12. Nxe4 Bxa1 13. Nxa1 Qa5 14. Qe2 Nd4 15. Qe3 Ne6 16. a4 Qe5 17. Bd2 Qd4 18. Re1 Qxe3 19. Bxe3 b6 20. Nc3 Nc7 21. Bh6 Rfe8 22. Bc6 1-0

[Event "Ramenskoe"]
[Site "Ramenskoe"]
[Date "2010.04.??"]
[Round "7"]
[White "Zhukovsky, Viacheslav"]
[Black "Rybakov, Sergey1111"]
[Result "1-0"]
[WhiteElo "2149"]
[BlackElo "2207"]
[PlyCount "91"]
[EventDate "2010.04.??"]
[EventType "swiss"]
[EventRounds "9"]
[EventCountry "RUS"]
[SourceTitle "EXT 2012"]
[Source "ChessBase"]
[SourceDate "2011.11.24"]
[SourceVersion "1"]
[SourceVersionDate "2011.11.24"]
[SourceQuality "1"]

1. Nf3 g6 2. g3 Bg7 3. Bg2 e5 4. e4 Nc6 5. Nc3 Nge7 6. d4 Nxd4 7. Nxd4 exd4 8. Nb5 Nc6 9. c3 dxc3 10. Nxc3 d6 11. Be3 0-0 12. 0-0 Be6 13. h3 Qd7 14. Kh2 Bc4 15. Re1 Rae8 16. Qd2 f5 17. b3 Ba6 18. exf5 Rxf5 19. Rad1 Kh8 20. Ne4 Qe7 21. f4 h6 22. Bf2 Qf8 23. Nc3 Rxe1 24. Rxe1 Ne5 25. Be4 g5 26. Be3 gxf4 27. gxf4 Rf7 28. Rg1 Nd7 29. Bg6 Rf5 30. Bxf5 Qxf5 31. Qg2 Qf7 32. Nd5 Nb6 33. Nb4 Bb5 34. a4 Bd7 35. a5 Nc8 36. Qxb7 Qxb3 37. Qe4 Qf7 38. Nc6 Bf5 39. Qg2 Kh7 40. Nxa7 Nxa7 41. Bxa7 c5 42. Bb8 Bd4 43. Re1 d5 44. a6 Be4 45. Rxe4 dxe4 46. Qxe4+ 1-0

[Event "Ramenskoe"]
[Site "Ramenskoe"]
[Date "2010.04.??"]
[Round "3"]
[White "Zhukovsky, Viacheslav"]
[Black "Titov, Sergo"]
[Result "1-0"]
[WhiteElo "2149"]
[BlackElo "1883"]
[PlyCount "89"]
[EventDate "2010.04.??"]
[EventType "swiss"]
[EventRounds "9"]
[EventCountry "RUS"]
[SourceTitle "EXT 2012"]
[Source "ChessBase"]
[SourceDate "2011.11.24"]
[SourceVersion "1"]
[SourceVersionDate "2011.11.24"]
[SourceQuality "1"]

1. Nf3 d5 2. g3 Bf5 3. Bg2 c6 4. 0-0 Nf6 5. c4 e6 6. b3 Bd6 7. d4 Nbd7 8. Bb2 0-0 9. Nh4 Be4 10. f3 Bxb1 11. Rxb1 g5 12. e4 Be7 13. e5 Ne8 14. f4 gxh4 15. g4 Kh8 16. f5 Bg5 17. Rf3 Nc7 18. Qd3 Qe7 19. Rbf1 Rad8 20. f6 Qe8 21. c5 Na6 22. Bc1 Naxc5 23. Qc2 Bxc1 24. Qxc1 Na6 25. Rh3 Rg8 26. Rxh4 Rg6 27. Rf3 Qg8 28. h3 c5 29. Qe3 cxd4 30. Qxd4 Qf8 31. Kh2 Qc5 32. Qf4 d4 33. Rh5 Nb4 34. Qg3 Nc6 35. Rf2 Qf8 36. Be4 Qg8 37. Qf4 Nf8 38. Rd2 Rd5 39. b4 b5 40. a3 Nd7 41. Bxd5 exd5 42. Rc2 Qa8 43. Qc1 Ndxe5 44. Rxe5 Rxf6 45. Rf5 1-0

[Event "Zhukovsky Rating-A 08"]
[Site "Zhukovsky"]
[Date "2009.08.14"]
[Round "5"]
[White "Chumurin, Aleksandr"]
[Black "Zhukovsky, Viacheslav"]
[Result "0-1"]
[WhiteElo "1897"]
[BlackElo "2151"]
[PlyCount "96"]
[EventDate "2009.08.14"]
[EventType "swiss"]
[EventRounds "7"]
[EventCountry "RUS"]
[SourceTitle "EXT 2022"]
[Source "ChessBase"]
[SourceDate "2021.10.06"]
[SourceVersion "1"]
[SourceVersionDate "2021.10.06"]
[SourceQuality "1"]

1. e4 e6 2. d4 d5 3. exd5 exd5 4. Bd3 Bd6 5. Qe2+ Ne7 6. Bg5 Nbc6 7. c3 Be6 8. Nd2 Qd7 9. Ngf3 f6 10. Bh4 0-0-0 11. Bg3 Rde8 12. 0-0-0 Bf5 13. Nb3 g5 14. Qc2 Bxd3 15. Qxd3 a6 16. Bxd6 Qxd6 17. Rde1 Qf4+ 18. Qd2 Qxd2+ 19. Nfxd2 b6 20. Re6 Rhf8 21. Rhe1 Kd7 22. R6e3 Nf5 23. Rxe8 Rxe8 24. Rxe8 Kxe8 25. Nf1 Kf7 26. Kd2 Ke6 27. Nc1 h5 28. Nd3 Nd6 29. Ne3 Ne7 30. a4 a5 31. b4 axb4 32. cxb4 Nc6 33. Nc2 Ne4+ 34. Ke3 Nd6 35. b5 Nf5+ 36. Kd2 Ncxd4 37. Nxd4+ Nxd4 38. Kc3 Nf5 39. Nb4 Kd6 40. Kd3 Nh4 41. Kd4 Nf5+ 42. Kd3 Ne7 43. Ke3 c5 44. Nc2 Ke5 45. Na3 Nf5+ 46. Ke2 Kd4 47. Kd2 c4 48. Kc2 Kc5 0-1